000 nam a22 7a 4500
999 _c8853
_d8853
008 180120b ||||| |||| 00| 0 eng d
100 _95174
_aLEE.M
245 _aCOLLABRATION IN LEARING
260 _aAUSTRALIA
_bACER PRESS
_c2016